[Event "OP-2012-0-02070"]
[Site "LSS email"]
[Date "2012.02.18"]
[Round "?"]
[White "Gorin, Anton Valerievich"]
[Black "Lewis, Jerome A"]
[Result "1-0"]
[WhiteElo "1905"]
[BlackElo "1013"]
[PlyCount "59"]
[EventDate "2012.02.14"]
[EventType "tourn (corr)"]
[EventRounds "4"]
[EventCountry "GER"]
[SourceTitle "Telechess CBM 155"]
[Source "ChessBase"]
[SourceDate "2013.07.16"]
[SourceVersion "1"]
[SourceVersionDate "2013.07.16"]
[SourceQuality "1"]

1. d4 Nf6 2. Nf3 e6 3. c4 Nc6 4. Nc3 Bb4 5. Qc2 d6 6. Bd2 0-0 7. a3 Bxc3 8. Bxc3 Re8 9. e3 h6 10. Be2 e5 11. dxe5 dxe5 12. Rd1 Qe7 13. h3 a5 14. 0-0 Bd7 15. Rd2 a4 16. Rfd1 Red8 17. Nh4 Be6 18. Rxd8+ Rxd8 19. Rxd8+ Nxd8 20. Nf3 e4 21. Ne5 b5 22. cxb5 Bb3 23. Qc1 Nd7 24. Nc4 Nc5 25. Na5 Nd3 26. Bxd3 exd3 27. Nxb3 axb3 28. Qd1 Qe4 29. Qg4 Qd5 30. Qxg7# 1-0

[Event "OP-2012-0-02070"]
[Site "LSS email"]
[Date "2012.02.18"]
[Round "?"]
[White "Gorin, Anton Valerievich"]
[Black "Raines, David T"]
[Result "1-0"]
[WhiteElo "1905"]
[BlackElo "1082"]
[PlyCount "49"]
[EventDate "2012.02.14"]
[EventType "tourn (corr)"]
[EventRounds "4"]
[EventCountry "GER"]
[SourceTitle "Telechess CBM 155"]
[Source "ChessBase"]
[SourceDate "2013.07.16"]
[SourceVersion "1"]
[SourceVersionDate "2013.07.16"]
[SourceQuality "1"]

1. d4 d5 2. Nf3 c6 3. e3 Nf6 4. Bd3 Bg4 5. Nbd2 e6 6. 0-0 Nbd7 7. c4 Be7 8. Qc2 0-0 9. b3 Rc8 10. h3 Bh5 11. c5 b6 12. b4 Qc7 13. Bb2 Bg6 14. Bxg6 hxg6 15. a3 Nh7 16. Rfc1 Ng5 17. Nxg5 Bxg5 18. cxb6 axb6 19. a4 Be7 20. Bc3 c5 21. dxc5 bxc5 22. b5 d4 23. Bxd4 Bf6 24. Bxf6 gxf6 25. a5 1-0

[Event "SC-2011-0-00110"]
[Site "LSS email"]
[Date "2011.07.22"]
[Round "?"]
[White "Gorin, Anton Valerievich"]
[Black "Vasquez, Gerardo"]
[Result "1/2-1/2"]
[WhiteElo "1905"]
[BlackElo "1922"]
[PlyCount "85"]
[EventDate "2011.07.01"]
[EventType "tourn (corr)"]
[EventRounds "6"]
[EventCountry "GER"]
[SourceTitle "Telechess CBM 155"]
[Source "ChessBase"]
[SourceDate "2013.07.16"]
[SourceVersion "1"]
[SourceVersionDate "2013.07.16"]
[SourceQuality "1"]

1. e4 e5 2. Nf3 Nc6 3. Bb5 a6 4. Ba4 Nf6 5. 0-0 d6 6. Re1 b5 7. Bb3 Be7 8. d3 0-0 9. h3 Na5 10. Bd2 c6 11. Nc3 Bd7 12. Ne2 c5 13. Ng3 Nxb3 14. axb3 a5 15. Qe2 Qc7 16. Nf5 Bxf5 17. exf5 Rfb8 18. Nh2 a4 19. bxa4 Rxa4 20. b3 Rxa1 21. Rxa1 Qd7 22. g4 h6 23. Nf1 Re8 24. Ng3 b4 25. g5 hxg5 26. Bxg5 d5 27. Qe3 Qc6 28. Ra2 Bf8 29. Bxf6 Qxf6 30. Kg2 Qb6 31. h4 Qd6 32. Qe2 Qc6 33. Kh3 Qb6 34. Ra1 Qf6 35. Qg4 e4 36. Re1 Bd6 37. dxe4 Bxg3 38. Kxg3 c4 39. Re3 Rxe4 40. Rxe4 dxe4 41. Qxe4 Qc3+ 42. Kg4 cxb3 43. Qe8+ 1/2-1/2

[Event "SC-2011-0-00110"]
[Site "LSS email"]
[Date "2011.07.22"]
[Round "?"]
[White "Vodicka, Milan"]
[Black "Gorin, Anton Valerievich"]
[Result "1/2-1/2"]
[WhiteElo "1953"]
[BlackElo "1905"]
[PlyCount "49"]
[EventDate "2011.07.01"]
[EventType "tourn (corr)"]
[EventRounds "6"]
[EventCountry "GER"]
[SourceTitle "Telechess CBM 155"]
[Source "ChessBase"]
[SourceDate "2013.07.16"]
[SourceVersion "1"]
[SourceVersionDate "2013.07.16"]
[SourceQuality "1"]

1. d4 d5 2. c4 c6 3. Nf3 Nf6 4. Nc3 e6 5. e3 Nbd7 6. Qc2 Bd6 7. g4 Nxg4 8. Rg1 Qf6 9. Rxg4 Qxf3 10. Rxg7 Nf8 11. Rg1 Bxh2 12. Be2 Qh3 13. Rf1 Ng6 14. Bd2 h5 15. 0-0-0 Bd7 16. Kb1 0-0-0 17. f4 Qg2 18. f5 Nh4 19. fxe6 fxe6 20. cxd5 exd5 21. Be1 Bg3 22. Bxg3 Qxg3 23. Nxd5 Kb8 24. Nf6 Qxe3 25. Bxh5 1/2-1/2

[Event "SC-2011-0-00110"]
[Site "LSS email"]
[Date "2011.07.21"]
[Round "?"]
[White "Winbush, Jerome"]
[Black "Gorin, Anton Valerievich"]
[Result "1/2-1/2"]
[WhiteElo "1806"]
[BlackElo "1905"]
[PlyCount "35"]
[EventDate "2011.07.01"]
[EventType "tourn (corr)"]
[EventRounds "6"]
[EventCountry "GER"]
[SourceTitle "Telechess CBM 155"]
[Source "ChessBase"]
[SourceDate "2013.07.16"]
[SourceVersion "1"]
[SourceVersionDate "2013.07.16"]
[SourceQuality "1"]

1. Nf3 d5 2. c4 dxc4 3. e3 Nf6 4. Bxc4 e6 5. 0-0 a6 6. Qe2 b5 7. Bb3 c5 8. a4 b4 9. d3 Nc6 10. Nbd2 Qc7 11. Nc4 Be7 12. e4 0-0 13. h3 Bb7 14. a5 Rad8 15. Be3 Nd7 16. Rfc1 Kh8 17. Qd2 f5 18. Ng5 1/2-1/2

[Event "IECC O-3346"]
[Site "IECC email"]
[Date "2011.06.29"]
[Round "?"]
[White "Hargreaves, John Richard"]
[Black "Gorin, Anton Valerievich"]
[Result "1/2-1/2"]
[WhiteElo "1525"]
[BlackElo "1598"]
[PlyCount "48"]
[EventDate "2011.??.??"]
[EventType "swiss (corr)"]
[EventRounds "2"]
[SourceTitle "Corr 2013"]
[Source "ChessBase"]
[SourceDate "2012.11.12"]
[SourceVersion "1"]
[SourceVersionDate "2012.11.12"]
[SourceQuality "1"]
[WhiteTeam "England"]
[BlackTeam "Russia"]
[WhiteTeamCountry "ENG"]
[BlackTeamCountry "RUS"]

1. e4 c5 2. Nf3 d6 3. Bc4 Nf6 4. Nc3 Nc6 5. 0-0 Bg4 6. h3 Bh5 7. d3 e6 8. a3 Be7 9. g4 Bg6 10. Re1 Qc7 11. Nb5 Qb6 12. Nh4 a6 13. Nc3 Qc7 14. Bf4 b5 15. Bb3 Nd4 16. Ba2 Nd7 17. Nf3 Nxf3+ 18. Qxf3 Ne5 19. Qe3 h5 20. g5 Rb8 21. f3 Qd7 22. Ne2 0-0 23. Rad1 Qc6 24. Qf2 a5 1/2-1/2

[Event "BI-2011-P-00001"]
[Site "LSS email"]
[Date "2011.04.17"]
[Round "?"]
[White "Bergmann, Paulo Fernando Brit"]
[Black "Gorin, Anton Valerievich"]
[Result "0-1"]
[WhiteElo "1960"]
[BlackElo "1884"]
[PlyCount "140"]
[EventDate "2011.04.20"]
[EventType "tourn (corr)"]
[EventRounds "10"]
[EventCountry "GER"]
[SourceTitle "Telechess CBM 149"]
[Source "ChessBase"]
[SourceDate "2012.07.17"]
[SourceVersion "1"]
[SourceVersionDate "2012.07.17"]
[SourceQuality "1"]

1. d4 d5 2. c4 c6 3. Nc3 Nf6 4. Nf3 e6 5. e3 Nbd7 6. Qc2 Bd6 7. g4 Nxg4 8. Rg1 Nxh2 9. Nxh2 Bxh2 10. Rxg7 Nf8 11. Rg2 Bd6 12. e4 Ng6 13. Bg5 f6 14. Be3 dxe4 15. Qxe4 Qe7 16. 0-0-0 Bd7 17. c5 Bc7 18. Bh6 0-0-0 19. Bc4 e5 20. d5 Qxc5 21. d6 Bb6 22. Na4 Qb4 23. Nxb6+ axb6 24. a3 Qa4 25. Bg7 Rhg8 26. Bxf6 Rgf8 27. Bg5 Nf4 28. Rg3 b5 29. Bxd8 Kxd8 30. Rc3 bxc4 31. Qxe5 Kc8 32. Qe4 Qb5 33. Rxc4 Kb8 34. Rd2 h5 35. a4 Qb3 36. Rc3 Qa2 37. Ra3 Qf7 38. Qe7 Qf5 39. Qg7 Nd5 40. Qd4 Qe6 41. f3 Rf4 42. Qg1 Qxd6 43. a5 h4 44. a6 b5 45. Qb6+ Nxb6 46. Rxd6 Ka7 47. Rh6 h3 48. Rd3 Kxa6 49. Kd2 Rf7 50. b3 Rg7 51. Kc3 Kb7 52. Kd4 Re7 53. Rd1 Nd5 54. Ra1 Kb6 55. Ra8 Nf4 56. Rb8+ Kc7 57. Ra8 Kb7 58. Rah8 Ne2+ 59. Kc5 Re5+ 60. Kb4 c5+ 61. Ka3 b4+ 62. Kb2 Be6 63. R8h7+ Kc6 64. Rf6 Nd4 65. Rxh3 Re2+ 66. Kb1 Kb5 67. Rxe6 Rxe6 68. f4 Re1+ 69. Kb2 Re2+ 70. Kb1 Rf2 0-1

[Event "BI-2011-P-00001"]
[Site "LSS email"]
[Date "2011.04.17"]
[Round "?"]
[White "Petersen, Hans"]
[Black "Gorin, Anton Valerievich"]
[Result "0-1"]
[WhiteElo "1645"]
[BlackElo "1884"]
[PlyCount "86"]
[EventDate "2011.04.20"]
[EventType "tourn (corr)"]
[EventRounds "10"]
[EventCountry "GER"]
[SourceTitle "Telechess CBM 149"]
[Source "ChessBase"]
[SourceDate "2012.07.17"]
[SourceVersion "1"]
[SourceVersionDate "2012.07.17"]
[SourceQuality "1"]

1. d4 d5 2. c4 c6 3. Nc3 Nf6 4. Nf3 e6 5. Bg5 h6 6. Bxf6 Qxf6 7. e3 Nd7 8. Bd3 Qd8 9. 0-0 Be7 10. a3 dxc4 11. Bxc4 b5 12. Bd3 Bb7 13. Rc1 0-0 14. Bb1 Rc8 15. Qd3 g6 16. Ba2 Kg7 17. Rfd1 Qb6 18. Rd2 Rfd8 19. Qc2 c5 20. d5 exd5 21. Nxd5 Bxd5 22. Bxd5 c4 23. Rcd1 Nc5 24. Ne5 Rc7 25. a4 Nxa4 26. Bxf7 Rxd2 27. Rxd2 c3 28. bxc3 Nxc3 29. Qd3 Ne4 30. Rd1 Qd6 31. Qxd6 Bxd6 32. Bxg6 Nf6 33. f4 Bxe5 34. fxe5 Kxg6 35. Rd6 Rf7 36. exf6 Rb7 37. f7+ Kxf7 38. Rxh6 Kg7 39. Rh3 b4 40. Rg3+ Kf6 41. Rf3+ Ke6 42. Rf1 b3 43. h4 b2 0-1

[Event "OP-2011-0-01461"]
[Site "LSS email"]
[Date "2011.03.25"]
[Round "?"]
[White "Gorin, Anton Valerievich"]
[Black "Lykhomano, Romano"]
[Result "1-0"]
[WhiteElo "1697"]
[BlackElo "836"]
[PlyCount "63"]
[EventDate "2011.03.22"]
[EventType "tourn (corr)"]
[EventRounds "4"]
[EventCountry "GER"]
[SourceTitle "Telechess CBM 145"]
[Source "Chessbase"]
[SourceDate "2011.11.11"]
[SourceVersion "1"]
[SourceVersionDate "2011.11.11"]
[SourceQuality "1"]

1. e4 c6 2. d4 d5 3. Nc3 dxe4 4. Nxe4 Bf5 5. Ng3 Bg6 6. h4 h6 7. Nf3 Nf6 8. h5 Bh7 9. Bd3 Bxd3 10. Qxd3 Nbd7 11. Bd2 e6 12. 0-0-0 Bd6 13. Ne4 Nxe4 14. Qxe4 Nf6 15. Qe2 Qc7 16. Kb1 0-0-0 17. c4 Kb8 18. Ne5 Bxe5 19. dxe5 Nd7 20. Bb4 Ka8 21. Bd6 Qc8 22. Rh3 f6 23. f4 fxe5 24. fxe5 Nb6 25. Rf3 Qd7 26. Rdf1 Nc8 27. Rf7 Qe8 28. c5 Nxd6 29. cxd6 Rd7 30. Qf3 Rxf7 31. Qxf7 Qxf7 32. Rxf7 1-0

[Event "OP-2011-0-01461"]
[Site "LSS email"]
[Date "2011.03.25"]
[Round "?"]
[White "Hickl, Norbert"]
[Black "Gorin, Anton Valerievich"]
[Result "0-1"]
[WhiteElo "1050"]
[BlackElo "1697"]
[PlyCount "52"]
[EventDate "2011.03.22"]
[EventType "tourn (corr)"]
[EventRounds "4"]
[EventCountry "GER"]
[SourceTitle "Telechess CBM 145"]
[Source "Chessbase"]
[SourceDate "2011.11.11"]
[SourceVersion "1"]
[SourceVersionDate "2011.11.11"]
[SourceQuality "1"]

1. c4 g6 2. g3 Bg7 3. Bg2 e5 4. Nc3 d6 5. e3 Nc6 6. Nge2 Be6 7. d3 Nf6 8. 0-0 0-0 9. h3 Qd7 10. Kh2 d5 11. cxd5 Nxd5 12. Ne4 Qe7 13. b3 f5 14. N4c3 Rad8 15. a3 Nxc3 16. Nxc3 Qd6 17. Nb5 Qxd3 18. Qxd3 Rxd3 19. Bxc6 bxc6 20. Nxc7 Bxb3 21. Rb1 Rc8 22. Na6 Bc4 23. Nb4 Rd7 24. Re1 c5 25. Nc2 Bd3 26. Rd1 Bxc2 0-1

[Event "SC-2011-0-00093"]
[Site "LSS email"]
[Date "2011.03.13"]
[Round "?"]
[White "Gorin, Anton Valerievich"]
[Black "Egorov, Vladimir Alekseevic"]
[Result "1/2-1/2"]
[WhiteElo "1884"]
[BlackElo "1967"]
[PlyCount "74"]
[EventDate "2011.02.18"]
[EventType "tourn (corr)"]
[EventRounds "6"]
[EventCountry "GER"]
[SourceTitle "Telechess CBM 149"]
[Source "ChessBase"]
[SourceDate "2012.07.17"]
[SourceVersion "1"]
[SourceVersionDate "2012.07.17"]
[SourceQuality "1"]

1. e4 c6 2. d4 d5 3. Nc3 dxe4 4. Nxe4 Bf5 5. Ng3 Bg6 6. h4 h6 7. Nf3 Nd7 8. h5 Bh7 9. Bd3 Bxd3 10. Qxd3 Ngf6 11. Bf4 Qa5+ 12. Bd2 Qc7 13. 0-0-0 e6 14. Ne4 0-0-0 15. g3 Nc5 16. Nxc5 Bxc5 17. Kb1 Bd6 18. c4 c5 19. Bc3 cxd4 20. Nxd4 a6 21. Qe2 Rd7 22. Rc1 Kb8 23. Rhd1 Rhd8 24. Nf3 Ka8 25. Ne5 Bxe5 26. Bxe5 Qa5 27. c5 Rd5 28. f4 Ne4 29. Rxd5 exd5 30. a3 f6 31. Bd4 Kb8 32. g4 Re8 33. Rc2 Qb5 34. Qxb5 axb5 35. Rg2 Kc7 36. b4 Kc6 37. Kc2 Ra8 1/2-1/2

[Event "OP-2011-0-01438"]
[Site "LSS email"]
[Date "2011.03.12"]
[Round "?"]
[White "Bieszk, Stanislaw"]
[Black "Gorin, Anton Valerievich"]
[Result "0-1"]
[WhiteElo "908"]
[BlackElo "1724"]
[PlyCount "46"]
[EventDate "2011.03.07"]
[EventType "tourn (corr)"]
[EventRounds "4"]
[EventCountry "GER"]
[SourceTitle "Corr 2013"]
[Source "ChessBase"]
[SourceDate "2012.11.12"]
[SourceVersion "1"]
[SourceVersionDate "2012.11.12"]
[SourceQuality "1"]

1. e4 c5 2. Nf3 d6 3. d4 cxd4 4. Nxd4 Nf6 5. Nc3 g6 6. Be3 Bg7 7. f3 Nc6 8. Qd2 0-0 9. 0-0-0 d5 10. exd5 Nxd5 11. Nxc6 bxc6 12. Bd4 Bxd4 13. Qxd4 Qb6 14. Nxd5 cxd5 15. Qxd5 Be6 16. Qd4 Qa5 17. Bc4 Rfd8 18. Qf4 Qa4 19. b3 Qxa2 20. Qe5 Bxc4 21. bxc4 Qa3+ 22. Qb2 Qe3+ 23. Kb1 Rdb8 0-1

[Event "SC-2011-0-00093"]
[Site "LSS email"]
[Date "2011.03.12"]
[Round "?"]
[White "Gorin, Anton Valerievich"]
[Black "Milde, Lars"]
[Result "1-0"]
[WhiteElo "1884"]
[BlackElo "1777"]
[PlyCount "89"]
[EventDate "2011.02.18"]
[EventType "tourn (corr)"]
[EventRounds "6"]
[EventCountry "GER"]
[SourceTitle "Telechess CBM 149"]
[Source "ChessBase"]
[SourceDate "2012.07.17"]
[SourceVersion "1"]
[SourceVersionDate "2012.07.17"]
[SourceQuality "1"]

1. e4 c5 2. Nf3 Nc6 3. d4 cxd4 4. Nxd4 Nf6 5. Nc3 e5 6. Ndb5 d6 7. Bg5 a6 8. Na3 b5 9. Nd5 Be7 10. Bxf6 Bxf6 11. c4 b4 12. Nc2 a5 13. g3 Bg5 14. Bg2 0-0 15. 0-0 Be6 16. Qd3 Bh6 17. a3 bxa3 18. Nxa3 Rc8 19. Rfb1 Nb4 20. Qe2 Rc5 21. Nc3 Nc6 22. b3 Nd4 23. Qd1 g6 24. Nab5 Bg7 25. Nxd4 exd4 26. Nb5 Qb6 27. Qd2 Bd7 28. Qxa5 Qb8 29. Bf1 d3 30. Bxd3 Bxa1 31. Qxa1 Bxb5 32. cxb5 Re8 33. Qd4 Qb6 34. Rd1 Rb8 35. Bc4 Re5 36. Qc3 Rf8 37. Rd4 Rd8 38. Kg2 h6 39. Rd3 Qc7 40. h4 h5 41. Rf3 Rf8 42. Qb4 Qc5 43. Qxc5 dxc5 44. Bd5 Kg7 45. Rc3 1-0

[Event "IECC O-3278"]
[Site "IECC email"]
[Date "2011.01.30"]
[Round "?"]
[White "Gorin, Anton Valerievich"]
[Black "Basson, Heinrich"]
[Result "1/2-1/2"]
[WhiteElo "1613"]
[BlackElo "1659"]
[PlyCount "34"]
[EventDate "2011.??.??"]
[EventType "swiss (corr)"]
[EventRounds "2"]
[SourceTitle "Corr 2013"]
[Source "ChessBase"]
[SourceDate "2012.11.12"]
[SourceVersion "1"]
[SourceVersionDate "2012.11.12"]
[SourceQuality "1"]
[WhiteTeam "Russia"]
[BlackTeam "South Africa"]
[WhiteTeamCountry "RUS"]
[BlackTeamCountry "RSA"]

1. e4 e5 2. Nf3 Nc6 3. Bb5 a6 4. Ba4 Nf6 5. 0-0 Bc5 6. c3 0-0 7. d4 Ba7 8. Bg5 h6 9. Bh4 exd4 10. e5 g5 11. Bg3 Ne4 12. cxd4 Nxg3 13. hxg3 g4 14. Nh2 f5 15. exf6 Qxf6 16. Qxg4+ Kh8 17. Nc3 d6 1/2-1/2

[Event "IECC M1-2011.T007"]
[Site "IECC email"]
[Date "2011.01.25"]
[Round "?"]
[White "Basson, Heinrich"]
[Black "Gorin, Anton Valerievich"]
[Result "1/2-1/2"]
[WhiteElo "1718"]
[BlackElo "1580"]
[PlyCount "49"]
[EventDate "2011.??.??"]
[EventType "match (corr)"]
[EventRounds "2"]
[SourceTitle "Telechess CBM 145"]
[Source "Chessbase"]
[SourceDate "2011.11.11"]
[SourceVersion "1"]
[SourceVersionDate "2011.11.11"]
[SourceQuality "1"]
[WhiteTeam "South Africa"]
[BlackTeam "Russia"]
[WhiteTeamCountry "RSA"]
[BlackTeamCountry "RUS"]

1. d4 d5 2. c4 c6 3. Nc3 Nf6 4. Nf3 dxc4 5. a4 Bf5 6. e3 e6 7. Bxc4 Bb4 8. Qb3 Qe7 9. 0-0 0-0 10. Bd2 c5 11. Ne2 Bxd2 12. Nxd2 Nc6 13. dxc5 Qxc5 14. Rfd1 Na5 15. Qc3 Qb6 16. b4 Nc6 17. b5 Na5 18. Rac1 Rac8 19. Qd4 Rfd8 20. Qxb6 axb6 21. Nd4 h6 22. Be2 Bh7 23. Kf1 Nd5 24. Rxc8 Rxc8 25. Bf3 1/2-1/2

[Event "OP-2011-0-01365"]
[Site "LSS email"]
[Date "2011.01.06"]
[Round "?"]
[White "Fernandez Ponce, Luis Miguel"]
[Black "Gorin, Anton Valerievich"]
[Result "0-1"]
[WhiteElo "1513"]
[BlackElo "1748"]
[PlyCount "84"]
[EventDate "2011.01.02"]
[EventType "tourn (corr)"]
[EventRounds "4"]
[EventCountry "GER"]
[SourceTitle "Telechess CBM 147"]
[Source "ChessBase"]
[SourceDate "2012.03.16"]
[SourceVersion "1"]
[SourceVersionDate "2012.03.16"]
[SourceQuality "1"]

1. e4 c5 2. Nf3 d6 3. d4 cxd4 4. Nxd4 Nf6 5. Nc3 g6 6. Be3 Bg7 7. f3 0-0 8. Qd2 Nc6 9. 0-0-0 d5 10. Nxc6 bxc6 11. exd5 Nxd5 12. Nxd5 cxd5 13. Qxd5 Qc7 14. Qc5 Qb7 15. b3 Bf5 16. Bd3 Rac8 17. Qa5 Rc3 18. Bxf5 Rxe3 19. Be4 Qb8 20. g3 Qc8 21. h4 Qe6 22. Qg5 Qb6 23. h5 Bf6 24. Qh6 Bg7 25. Qf4 Qc5 26. hxg6 hxg6 27. Bd3 Bc3 28. b4 Qxb4 29. Qxb4 Bxb4 30. Be4 Ba3+ 31. Kd2 Bc5 32. Kc1 Rb8 33. Rd3 Rxd3 34. cxd3 e6 35. Kc2 Bf2 36. g4 f5 37. gxf5 gxf5 38. Rh6 fxe4 39. Rxe6 exf3 40. a4 Bb6 41. Kd2 f2 42. Ke2 Bd4 0-1

[Event "OP-2011-0-01365"]
[Site "LSS email"]
[Date "2011.01.06"]
[Round "?"]
[White "Gorin, Anton Valerievich"]
[Black "Wittal, Werner"]
[Result "1/2-1/2"]
[WhiteElo "1748"]
[BlackElo "1931"]
[PlyCount "68"]
[EventDate "2011.01.02"]
[EventType "tourn (corr)"]
[EventRounds "4"]
[EventCountry "GER"]
[SourceTitle "Telechess CBM 147"]
[Source "ChessBase"]
[SourceDate "2012.03.16"]
[SourceVersion "1"]
[SourceVersionDate "2012.03.16"]
[SourceQuality "1"]

1. e4 e5 2. Nf3 Nc6 3. Bc4 Bc5 4. c3 Nf6 5. d3 a6 6. 0-0 Ba7 7. Bb3 0-0 8. Nbd2 d6 9. h3 Be6 10. Re1 Bxb3 11. Qxb3 Qd7 12. Nc4 h6 13. a4 Nd8 14. Qc2 Ne6 15. a5 Nh5 16. d4 Qc6 17. Ncxe5 dxe5 18. d5 Qd7 19. dxe6 Qxe6 20. c4 Bc5 21. Bd2 Rfd8 22. Rad1 Bd4 23. b4 Rd7 24. c5 Rad8 25. Nxd4 Rxd4 26. Be3 R4d7 27. Rxd7 Qxd7 28. c6 Qxc6 29. Qxc6 bxc6 30. Rc1 Rd6 31. Bc5 Re6 32. Rd1 Re8 33. g3 Nf6 34. f3 Nh7 1/2-1/2